000
00322 a2200109 4500
001
ART_24604
005
20260410161625.0
008
260409a
245
1
0
_a
La institucionalidad ínsita en la contabilidad pública
100
1
_a
Atchabahian, Adolfo
773
0
_t
Enfoques
_g
- Nº 6 (jun. 2014)
_w
REV416
999
_c
11943
_d
11943